000
00368nam a2200145Ia 4500
008
191206s9999 xx 000 0 und d
020
_a
0517572028 :
090
_a
PR9199.3.B457
245
0
_a
casual brutality
250
_a
1st American ed.
260
_a
Clarkson N. Potter
260
_c
c"1989, c1988"
300
_a
376 p. ; 24 cm.
999
_c
15641
_d
15641